000 00325nam a2200133Ia 4500
008 170203s9999 xx 000 0 und d
020 _a9831480945
050 _aFic
050 _b.C574
245 _aCinderella /
260 _bKohwai & Young Publications
300 _a15 pages ;
440 _afavourite fairy tales series
999 _c306004
_d306004